Jalisco State Quiz - Statistics

General Stats
  • This quiz has been taken 11 times
  • The average score is 9 of 17
Answer Stats
Hint Answer % Correct
State Capital? Guadalajara
100%
Largest coastal city? Puerto Vallarta
70%
Town famous for its namesake drink? Tequila
70%
Plant from which the above drink is made? Blue Agave
60%
One of the state's football teams to have played in the Mexican top division? C.D.Guadalajara/Atlas/Oro/Tepatitlan/Club Jalisco/UdeG
60%
One of Mexico's best boxers whose nickname translates to "cinnamon" Canelo Alvarez
50%
Largest lake in the state and Mexico? Chapala
50%
Mexico's national sport which originated here? Charreria
50%
Music genre originating from this state? Mariachi
50%
Mexican Formula 1 Driver Sergio Perez
50%
Hot sauce that has the state's outline on the logo Valentina
50%
Largest city, part of the capital's metropolitan area? Zapopan
50%
Cultural region in the eastern highlands of the state? Altos de Jalisco
40%
Mexico's top goalscorer played for Manchester United and Real Madrid? Javier Hernandez
40%
Demonym for people from Jalisco? Tapatio
40%
Larger macroregion which the above region is part of? El Bajio
30%
State's motto? Jalisco es Mexico
30%
No matching quizzes found
Score Distribution
Percent of People with Each Score
Percentile by Number Answered
Your Score History
You have not taken this quiz